[Event "Oregon-ch"]
[Site "Portland"]
[Date "2020.02.16"]
[Round "7"]
[White "Cosner, Karl"]
[Black "Grabinsky, Joshua"]
[Result "0-1"]
[WhiteElo "1981"]
[BlackElo "2182"]
[PlyCount "76"]
[EventDate "2020.02.08"]
[EventType "tourn"]
[EventRounds "9"]
[EventCountry "USA"]
[SourceTitle "CBM 195 Extra"]
[Source "ChessBase"]
[SourceDate "2020.05.31"]
[SourceVersion "1"]
[SourceVersionDate "2020.05.31"]
[SourceQuality "1"]

1. e4 e6 2. Bb5 a6 3. Ba4 b5 4. Bb3 Bb7 5. Qe2 c5 6. d3 Nc6 7. Nf3 g6 8. c4 b4 9. Be3 e5 10. Nbd2 d6 11. a4 Bg7 12. g4 Nge7 13. 0-0-0 Bc8 14. g5 Bd7 15. Bc2 b3 16. Nxb3 Nb4 17. Nxc5 dxc5 18. Bxc5 Nxc2 19. Qxc2 Bg4 20. Nd2 Bxd1 21. Rxd1 Rc8 22. b4 Rxc5 23. bxc5 Nc6 24. Nf3 Nd4 25. Nxd4 Qxd4 26. Qb2 Qxb2+ 27. Kxb2 Kd7 28. Kc3 Kc6 29. Rb1 Bf8 30. Rb6+ Kc7 31. Kb4 Be7 32. Ka5 Bxc5 33. Rf6 Rf8 34. h4 Bd4 35. Kxa6 Ra8+ 36. Kb5 Rb8+ 37. Ka6 Rb6+ 38. Rxb6 Bxb6 0-1

[Event "Oregon-ch"]
[Site "Portland"]
[Date "2020.02.15"]
[Round "5"]
[White "Zavortink, Matt B"]
[Black "Cosner, Karl"]
[Result "1-0"]
[WhiteElo "2166"]
[BlackElo "1981"]
[PlyCount "63"]
[EventDate "2020.02.08"]
[EventType "tourn"]
[EventRounds "9"]
[EventCountry "USA"]
[SourceTitle "CBM 195 Extra"]
[Source "ChessBase"]
[SourceDate "2020.05.31"]
[SourceVersion "1"]
[SourceVersionDate "2020.05.31"]
[SourceQuality "1"]

1. c4 g6 2. Nc3 Bg7 3. d4 d5 4. cxd5 Nf6 5. e4 c6 6. dxc6 0-0 7. Nf3 Qb6 8. Bc4 Nxc6 9. e5 Ng4 10. h3 Nh6 11. 0-0 Nf5 12. Re1 Nfxd4 13. Nd5 Nxf3+ 14. Qxf3 Qd4 15. Re4 Nxe5 16. Qe2 Qc5 17. Rxe5 Kh8 18. Be3 Qd6 19. Bf4 Be6 20. Rd1 Rfd8 21. Bb3 Qc6 22. Nb4 Rxd1+ 23. Bxd1 Qd7 24. Re4 a5 25. Nd3 Rd8 26. Bc2 Bf5 27. Rxe7 Qb5 28. a4 Qd5 29. Re8+ Bf8 30. Qe5+ Kg8 31. Rxf8+ Kxf8 32. Bh6+ 1-0

[Event "Oregon-ch"]
[Site "Portland"]
[Date "2020.02.08"]
[Round "2"]
[White "Cosner, Karl"]
[Black "Haessler, Carl A"]
[Result "1/2-1/2"]
[WhiteElo "1981"]
[BlackElo "2016"]
[PlyCount "34"]
[EventDate "2020.02.08"]
[EventType "tourn"]
[EventRounds "9"]
[EventCountry "USA"]
[SourceTitle "CBM 195 Extra"]
[Source "ChessBase"]
[SourceDate "2020.05.31"]
[SourceVersion "1"]
[SourceVersionDate "2020.05.31"]
[SourceQuality "1"]

1. d4 d5 2. c4 e6 3. g4 Be7 4. Bf4 Nf6 5. e3 0-0 6. g5 Ne4 7. Bg2 Bxg5 8. Nh3 Bxf4 9. Nxf4 c6 10. Bxe4 dxe4 11. Qh5 Nd7 12. Rg1 e5 13. dxe5 Qa5+ 14. Nc3 Nxe5 15. Rxg7+ Kxg7 16. Qg5+ Kh8 17. Qf6+ Kg8 1/2-1/2

[Event "Oregon inv"]
[Site "Portland"]
[Date "2018.09.23"]
[Round "8"]
[White "Deeth, Steven B"]
[Black "Cosner, Karl"]
[Result "1-0"]
[WhiteElo "2019"]
[BlackElo "1995"]
[PlyCount "79"]
[EventDate "2018.09.14"]
[EventType "tourn"]
[EventRounds "9"]
[EventCountry "USA"]
[SourceTitle "EXT 2024"]
[Source "ChessBase"]
[SourceDate "2023.10.10"]
[SourceVersion "1"]
[SourceVersionDate "2023.10.10"]
[SourceQuality "1"]

1. d4 Nf6 2. c4 e6 3. Nc3 Bb4 4. e3 0-0 5. Nge2 b6 6. a3 Bxc3+ 7. Nxc3 d5 8. cxd5 exd5 9. Bd3 Re8 10. 0-0 Ba6 11. Bxa6 Nxa6 12. Qd3 Qc8 13. b4 c5 14. dxc5 bxc5 15. b5 Nc7 16. Bb2 Qg4 17. h3 Qg5 18. Rfd1 Re6 19. Rac1 Rae8 20. Qf1 Nd7 21. Ne2 d4 22. Nxd4 Rg6 23. Nf3 Qe7 24. Qd3 Nb6 25. Qc2 Ne6 26. Ne5 Rg5 27. a4 Nf8 28. a5 Qb7 29. f4 Rgxe5 30. Bxe5 Nbd7 31. Bd6 Rxe3 32. Bxc5 Nxc5 33. Qxc5 Re2 34. Qc6 Qe7 35. Qf3 h6 36. b6 Re3 37. Qf2 axb6 38. axb6 Re2 39. Re1 Qe3 40. Qxe3 1-0